000 00959nam a2200217Ii 4500
003 JO-AjNU
008 230605s9999||||xx |||||||||||||| ||und||
017 _a2011/2/720
040 _aJO-AjNU
_bara
_erda
_cJO-AjNU
041 _aara
050 1 4 _aKMM49.2011
100 3 _a المنصور ، أنيس منصور ,
_eauthor
_931708
245 0 0 _aشرح أحكام قانون البينات الأردني وفقا لآخر التعديلات معززا بأحدث الإجتهادات القضائية الصادرة عن محكمة التمييز
250 _aط1
264 3 1 _aعمان : إثراء ، 2011 ، الشارقة : مكتبة الجامعة ، 2011
300 _a440ص
_bيشتمل على قائمة بالمصادر والمراجع ص(419-434)
336 _atext
_btxt
_2rdacontent
337 _aunmediated
_bn
_2rdamedia
338 _avolume
_bnc
_2rdacarrier
650 4 _aالقانون المدني -- أصول المحاكم
_931709
999 _aA12713
_c16281
_d16281